Nonolinear variational problems
Αποθηκεύτηκε σε:
| Άλλοι συγγραφείς: | , |
|---|---|
| Μορφή: | Βιβλίο |
| Γλώσσα: | English |
| Δημοσίευση: |
Harlow, Essex England :
Longman,
c1989.
|
| Σειρά: | Pitman research notes in mathematics series ;
193 |
| Θέματα: | |
| Ετικέτες: |
Προσθήκη ετικέτας
Δεν υπάρχουν, Καταχωρήστε ετικέτα πρώτοι!
|
MARC
| LEADER | 00000cam a2200000 i 4500 | ||
|---|---|---|---|
| 001 | 1/38571 | ||
| 008 | 941103s1989####enk ||| ||||| ||eng|| | ||
| 020 | |a 0582018625 | ||
| 035 | |a 1993 |l 10040799 | ||
| 040 | |a GR-MyUA |b gre |e AACR2 | ||
| 041 | 0 | |a eng | |
| 082 | 0 | |a 515.353 | |
| 245 | 1 | 0 | |a Nonolinear variational problems / |c Antonio Marino and M.K. Venkatesha Murthy (editors). |
| 260 | |a Harlow, Essex England : |b Longman, |c c1989. | ||
| 300 | |a 211 σ. : |c 24 εκ. | ||
| 490 | 1 | |a (Pitman research notes in mathematics series |v ; 193) | |
| 504 | |a Περιέχει βιβλιογραφικές αναφορές. | ||
| 650 | 0 | 0 | |a Differential equations, Partial. |
| 650 | 0 | 0 | |a Variational inequalities (Mathematics) |
| 700 | 1 | |a Marino, A. |e edt | |
| 700 | 1 | |a Murthy, M. K. V. |q (M. K. Venkatesha) |e edt | |
| 830 | 0 | |a Pitman research notes in mathematics series ; |v 193 | |
| 852 | |a INST |b SAMOS |e 19941103 |h 515.353 NON |p 005300007246 |q 005300007246 |t BK |y 0 |z v.2 | ||
| 852 | |a INST |b SAMOS |e 19941103 |h 515.353 NON |p 005300007246 |q 005300007246 |t BK |v v.2: |y 0 |z v.2 | ||
| 853 | |a INST |b SAMOS |h 515.353 NON | ||
| 909 | |a Σ |b 030589 | ||